Aynı çatı altında : (Record no. 23454)
[ view plain ]
| 000 -BAŞLIK | |
|---|---|
| Sabit Uzunluktaki Kontrol Alanı | 00745nam a22002177a 4500 |
| 003 - KONTROL NUMARASI KİMLİĞİ | |
| Kontrol Alanı | koha_MIRAKIL |
| 005 - EN SON İŞLEM TARİHİ ve ZAMANI | |
| Kontrol Alanı | 20260414094617.0 |
| 008 - SABİT UZUNLUKTAKİ VERİ ÖGELERİ - GENEL BİLGİ | |
| Sabit Alan | 260414b tur||||| |||| 00| 0 tur d |
| 020 ## - ISBN - ULUSLARARASI STANDART KİTAP NUMARASI | |
| Isbn | 9789944698313 |
| 040 ## - KATALOGLAMA KAYNAĞI | |
| Özgün Kataloglama Kurumu | TR-IsEVY |
| Kataloglama Dili | tur |
| Çeviri Kurumu | TR-IsEVY |
| 082 ## - DEWEY ONU SINIFLAMA SİSTEMİ | |
| Sınıflama Numarası | FIC MAI/A |
| 100 ## - KİŞİ ADI | |
| Yazar Adı (Kişi adı) | Mai, Manfred |
| 245 #0 - ESER ADI BİLDİRİMİ | |
| Başlık | Aynı çatı altında : |
| Alt Eseradı vb. | küçük yıldızlar okuma seviyesi 2 / |
| Sorumluluk Bildirimi | Manfred Mai, Martin Lenz ; resimleyen Iris Hardt. |
| 260 ## - YAYIN, DAĞITIM, VB. | |
| Yayın Yeri | İzmir : |
| Yayınevi | Tudem, |
| Yayın Tarihi | 2022. |
| 300 ## - FİZİKSEL TANIMLAMA | |
| Sayfa, Cilt vb. | 63 s. : |
| Diğer fiziki detaylar | renkli resimli ; |
| Boyutları | 21 cm. |
| 490 0# - DİZİ BİLDİRİMİ | |
| Dizi Bildirimi | Küçük yıldızlar okuma seviyesi ; |
| Cilt Numarası | 2. |
| 650 ## - KONU BAŞLIĞI EK GİRİŞ - KONU TERİMİ | |
| Konusal terim veya coğrafi ad | Çocuk Edebiyatı. |
| Alt başlık biçimi | Çocuk Hikayeleri. |
| -- | Resimli Kitaplar. |
| 700 1# - EK GİRİŞ - KİŞİ ADI | |
| Yazar Adı (Kişi adı) | Lenz, Martin. |
| Ünvan | yazar. |
| 700 1# - EK GİRİŞ - KİŞİ ADI | |
| Yazar Adı (Kişi adı) | Hardt, Iris. |
| Ünvan | resimleyen. |
| 942 ## - EK GİRİŞ ÖGELERİ (KOHA) | |
| Source of classification or shelving scheme | Dewey Decimal Classification |
| Koha item type | Kitap |
| Kayıp Durumu | Sınıflandırma Kaynağı | Hasarlı Durumu | Koleksiyon Kodu | Kalıcı Konum | Mevcut Konum | Kayıt Tarih | Edinim Kaynağı | Toplam Ödünçverme | Yer Numarası | Demirbaş Numarası | Son Görülme Tarihi | Fatura Tarihi | Materyal Türü |
|---|---|---|---|---|---|---|---|---|---|---|---|---|---|
| Dewey Decimal Classification | İlkokul | İLKOKUL KÜTÜPHANESİ | İLKOKUL KÜTÜPHANESİ | 14/04/2026 | Bağış | FIC MAI/A | 25058 | 14/04/2026 | 14/04/2026 | Kitap |
